| 000 | 00680nam a2200229 a 4500 | ||
|---|---|---|---|
| 999 |
_c3151 _d3151 |
||
| 001 | 3151 | ||
| 003 | BD-JhCC | ||
| 005 | 20171122165824.0 | ||
| 008 | 171111s2006 bg |||| |||| 000 0 ben d | ||
| 020 | _a9844654432 | ||
| 035 | _a(BD-JhCC)3151 | ||
| 040 |
_aBD-JhCC _dBD-JhCC |
||
| 041 | _aben | ||
| 082 |
_a891.4435 _bHAQ 2006 |
||
| 100 | _aহক, সৈয়দ শামসুল | ||
| 245 |
_aকথা সামান্যই / _cসৈয়দ শামসুল হক. |
||
| 260 |
_aঢাকা : _bসাহিত্য প্রকাশ, _c2006. |
||
| 300 |
_a395 p. : _c21 cm. |
||
| 650 | _aCollection of Bengali stories | ||
| 942 |
_2ddc _cBK |
||